00925 2200325 4500001002100000005001500021035002000036007000300056040001600059100002300075245010800098250001300206300004300219041000800262082001000270084001600280090002000296264001700316336002100333337003000354338002300384650001800407850001000425008004100435020001800476500003200494504002900526990002200555990002200577INLIS00000000000465620260524081055 a0010-0122000288ta aSPBUPDbeng0 aYatiminePengarang1 aEtika Seksual dan Penyimpangannya Dalam Islam :bTinjauan Psikologi Pendidikan dari Sudut Pandang Islam a.-Cet. 1 axi, 120 hal. :billus. ;c15,5x22,7 cm0 aeng a204.3 a204.3 YAS e a155.9 ANN t 2-4 bAmzah,c2003 2rdacontentaTeks 2rdamediaaTanpa Perantara 2rdacarrieravolume 4aEtika Seksual aPUPAD260524 0  a979-9392-26-8 aProfil Penulis, hlm 119-120 abibliografi, hlm 114-118 a6927/ARPUS-PDG-08 a6929/ARPUS-PDG-08